000 00791nam a22001817a 4500
005 2012021304184.0
020 _c200.00
_a
035 _aB-198073
037 _b
_adpl
082 _a220.21
100 _aसक्सेना, प्रवेश
_941729
245 1 _aऋग्वेद युवाओं के लिए /
_cप्रवेश सक्सेना
260 _aदिल्ली
_bआर्य प्रकाशन मंडल
_c2006
270 _a
_b
_e
_k
300 _a208पृ.
_c22सेमी (सजिल्द)
942 _adpl
_cHN
_k
_2ddc
_h220.21
_mसक्सेना
999 _c62615
_d62615